01217nas a2200277Ia 4500001001100000003000900011008004100020040001300061040001300074041001300087100003800100210002300138222002300161245010100184250001100285260002100296501008600317300000900403310001200412362003400424500020400458650003600662942000700698999001900705952021500724R026/43470IT-RoPAU151124c99999999xx |||||||||||| ||und|| aIT-RoPAU cIT-RoPAU aITALIANO aAA.VV. gCodice Aut. SPICS: 12000 aNOSTRO CINEMA (IL) aNostro Cinema (Il) aNOSTRO CINEMA (IL), ANNO 10-N.111 (MAGGIO 1972)bNostro Cinema (Il), Anno 10-N.111 (Maggio 1972) a1a ed. aROMAbACECc1972 bPaulus - SPICS - Società San Paolo EM (non-commercial uses only)cCopyright2015 a4 p. aMENSILE aANNO 010, N.111 (MAGGIO 1972) aMessaggio del Papa per la Vi Giornata Mondiale Delle Comunicazioni Sociali. Valutazioni Morali dei Film. Rassegna dei Film. Regolamento per i Sas (Servizio Assistenza Sale). Interventi per il Teatro. aCINEMAvPUBBLICAZIONE PERIODICA cCR c127835d127835 0010406R_026_43470000000000071aSPICSbSPICSd2015-11-25l0oR026/43470r2015-11-25 00:00:00w2015-11-25yCRzProgr. Ins: 28572 / Copia rara: NO / date import: 25.11.2015 / By Epidotti, Trombetti, Vaglietti